| 000 | 01851cad a22002775a 4500 | ||
|---|---|---|---|
| 008 | 240523t2024 xxk fo 000 0 eng d | ||
| 020 | _a9781783215256 | ||
| 041 | 0 | _aeng | |
| 100 | _aSeage, Graham | ||
| 110 | 2 |
_aRoyal Institution of Chartered Surveyors _94900 |
|
| 245 | 0 | 0 |
_aDamages for delay to completion _h[electronic resource] |
| 250 | _a2nd | ||
| 260 |
_aLondon, _bRICS, _cMay 2024 |
||
| 300 | _a27p. | ||
| 490 | 0 | _aRICS Practice Information | |
| 490 | 0 | _aRICS Black Book | |
| 500 | _aReplaces 1st edition ISBN 9781842197080 | ||
| 520 | _aOriginally published as a guidance note in 2011 this document has been rewritten as practice information, so as to account for changes in legislation, case law and construction contracts introduced since 2011. This practice information introduces the subject of damages for delay to completion, looking at the general principles, including law, reasons for introduction within a contract, amounts of damages, and how sums are deducted, certified or released. The practice information then focuses on how the standard forms of contract deal with damages. For liquidated damages this includes how amounts are inserted in the contract and how this is to be deducted or certified. Guidance is given for each of the main groups of contracts and the forms in regular use in those groups, under the headings: general principles; practical application; practical considerations. | ||
| 650 | 2 | 4 | _aCONSTRUCTION CONTRACTS |
| 650 | 2 | 4 | _aRICS QS AND CONSTRUCTION STANDARDS |
| 650 | 2 | 4 | _aRICS BLACK BOOK |
| 651 | 4 | _aUnited Kingdom | |
| 690 |
_aConstruction management _96230 |
||
| 856 | 4 | 0 |
_uhttps://www.rics.org/profession-standards/rics-standards-and-guidance/sector-standards/construction-standards/black-book/damages-for-delay-to-completion-2nd-edition _zAvailable on RICS.org |
| 942 |
_n0 _2ddc |
||
| 999 |
_c121939 _d121939 |
||